Govt. of
Madhya Pradesh

शरतचंद्र के संपूर्ण निंबध (पहला खंड) (Record no. 60763)

MARC details
000 -LEADER
fixed length control field 00514nam a22001457a 4500
003 - CONTROL NUMBER IDENTIFIER
control field macl
005 - DATE AND TIME OF LATEST TRANSACTION
control field 20190816133606.0
008 - FIXED-LENGTH DATA ELEMENTS--GENERAL INFORMATION
fixed length control field 190816b xxu||||| |||| 00| 0 eng d
040 ## - CATALOGING SOURCE
Transcribing agency 800/SHA
100 ## - MAIN ENTRY--PERSONAL NAME
Personal name शरतचंद्र
9 (RLIN) 76281
245 ## - TITLE STATEMENT
Title शरतचंद्र के संपूर्ण निंबध (पहला खंड)
260 ## - PUBLICATION, DISTRIBUTION, ETC. (IMPRINT)
Place of publication, distribution, etc. दिल्‍ली
Name of publisher, distributor, etc. भारत पुस्‍त‍क भण्‍डार
Date of publication, distribution, etc. 2017
650 ## - SUBJECT ADDED ENTRY--TOPICAL TERM
Topical term or geographic name as entry element रचनावली
9 (RLIN) 163
942 ## - ADDED ENTRY ELEMENTS (KOHA)
Source of classification or shelving scheme
Koha item type Hindi Books
Holdings
Withdrawn status Lost status Source of classification or shelving scheme Damaged status Not for loan Home library Current library Date acquired Cost, normal purchase price Total Checkouts Total Renewals Barcode Date last seen Date last checked out Price effective from Koha item type
          MACL MACL 16/08/2019 790.00 1 1 CRH036334 16/10/2025 25/09/2025 16/08/2019 Hindi Books